Application of ion exchange processes for the treatment of radioactive waste and management of spent ion exchangers.

Bibliographic Details
Corporate Author: International Atomic Energy Agency
Format: Book
Language:English
Published: Vienna : International Atomic Energy Agency, [2002]
Series:Technical reports series (International Atomic Energy Agency) ; no. 408.
Subjects:

MARC

Tag First Indicator Second Indicator Subfields
LEADER 00000cam a2200000Ka 4500
001 in00001703607
005 20151024162515.0
008 021008s2002 au a b i000 0 eng
010 |a  02000286  
020 |a 9201120028 
035 |a (OCoLC)ocm50750812 
040 |a ONB  |c ONB  |d TXA  |d UtOrBLW 
049 |a TXAM 
090 |a HD9698.A1  |b I6 no.408 
245 0 0 |a Application of ion exchange processes for the treatment of radioactive waste and management of spent ion exchangers. 
264 1 |a Vienna :  |b International Atomic Energy Agency,  |c [2002] 
264 4 |c ©2002 
300 |a 115 pages :  |b illustrations ;  |c 24 cm. 
336 |a text  |b txt  |2 rdacontent 
337 |a unmediated  |b n  |2 rdamedia 
338 |a volume  |b nc  |2 rdacarrier 
490 1 |a Technical reports series ;  |v no. 408 
500 |a "STI/PUB/408"--Title page verso. 
504 |a Bibliography: 101-110. 
650 0 |a Radioactive wastes  |x Management. 
650 0 |a Ion exchange. 
710 2 |a International Atomic Energy Agency. 
830 0 |a Technical reports series (International Atomic Energy Agency) ;  |v no. 408. 
994 |a E0  |b TXA 
948 |a cataloged  |b h  |c 2002/10/15  |d c  |e blrosas  |f 3:08:20 pm 
999 |a MARS 
999 f f |s dd16a3ef-70bc-3d6e-809b-ae9ebd0160d9  |i 9386ddc6-f545-3416-ac77-1183445068ea  |t 0 
952 f f |p ric  |a Texas A&M University  |b Rellis Campus  |c Joint Library Facility  |d Remote Storage  |t 0  |e HD9698.A1 I6 no.408  |h Library of Congress classification  |i unmediated -- volume  |m A14829164828 
998 f f |a HD9698.A1 I6 no.408  |t 0  |l Remote Storage